Etymologicum Magnum Romaniae : Dictionarul Limbei Istorice si Poporane a Romanilor

Сохранить в:
Библиографические подробности
Главный автор: Hasdeu, B. P.
Формат:
Язык:Undetermined
Опубликовано: Bucarest, Rumania Minerva 1974
Предметы:
Метки: Добавить метку
Нет меток, Требуется 1-ая метка записи!

MARC

LEADER 00000nam a2200000Ia 4500
008 170316s9999 xx 000 0 und d
040 |a cru BVZT 
090 |a 859 H-1e v.2 
100 |a Hasdeu, B. P. 
245 |a Etymologicum Magnum Romaniae : Dictionarul Limbei Istorice si Poporane a Romanilor 
260 |a Bucarest, Rumania 
260 |b Minerva 
260 |c 1974 
300 |a 727 páginas vol.2 
650 |a LITERATURA RUMANA 
999 |c 8257  |d 8257 
942 |c 15 D  |h 859 H-1e v.2  |2 z